LEADER 01311cam0 2200325 450 001 000012628 005 20081107113345.0 010 $a02-260-0095-8 100 $a20080610d1991----km-y0itay50------ba 101 0 $aeng 102 $aUS$aGB 105 $aa-------101yy 200 1 $aImmigration, trade, and the labor market$fedited by M. Abowd and Richard B. Freeman 210 $aChicago$aLondon$cUniversity of Chicago press$d1991 215 $a432 p.$cgraf. tab.$d24 cm 225 2 $aNational bureau of economic research project report 300 $aRelazioni presentate ad una conferenza tenutasi a Cambridge, Massachussets, 11-12 September 1987. 410 0$12001$aNational bureau of economic research project report 500 10$aImmigration, trade, and the labor market$957470 610 1 $aAmerica settentrionale$aImmigrazione$aAspetti economici 610 1 $aAustralia$aImmigrazione$aAspetti economici 610 1 $aOccupazione$aEffetti del commercio internazionale$aAmerica settentrionale 676 $a331.62 702 1$aFreeman,$bRichard Barry$4070 702 1$aAbowd,$bJohn Maron$4070 801 0$aIT$bUNIPARTHENOPE$c20080610$gRICA$2UNIMARC 912 $a000012628 951 $a823/9$b8116$cNAVA2$d2008 996 $aImmigration, trade, and the labor market$957470 997 $aUNIPARTHENOPE LEADER 01853nam0 22004333i 450 001 VAN00265668 005 20250401121023.328 017 70$2N$a9783540460343 100 $a20231030d1989 |0itac50 ba 101 $aeng 102 $aDE 105 $a|||| ||||| 200 1 $aAlgebraic Curves and Projective Geometry$eProceedings of the Conference held in Trento, Italy, March 21-25, 1988$fedited by Edoardo Ballico, Ciro Ciliberto 210 $aBerlin$cSpringer$d1989 215 $avi, 290 p.$d24 cm 461 1$1001VAN00102250$12001 $aLecture notes in mathematics$1210 $aBerlin [etc.]$cSpringer$v1389 606 $a00B25$xProceedings of conferences of miscellaneous specific interest [MSC 2020]$3VANC020732$2MF 606 $a14-XX$xAlgebraic geometry [MSC 2020]$3VANC019702$2MF 610 $aAbelian varieties$9KW:K 610 $aAlgebra$9KW:K 610 $aAlgebraic curves$9KW:K 610 $aDimension$9KW:K 610 $aDivisor$9KW:K 610 $aGeometry$9KW:K 610 $aModuli Spaces$9KW:K 610 $aProjective geometry$9KW:K 620 $dBerlin$3VANL000066 702 1$aBallico$bEdoardo$3VANV038461 702 1$aCiliberto$bCiro$3VANV014771 712 $aSpringer $3VANV108073$4650 790 1$aBallico, E.$zBallico, Edoardo$3VANV260182 801 $aIT$bSOL$c20260327$gRICA 856 4 $uhttps://doi.org/10.1007/BFb0089765$zE-book ? Accesso al full-text attraverso riconoscimento IP di Ateneo, proxy e/o Shibboleth 899 $aBIBLIOTECA DEL DIPARTIMENTO DI MATEMATICA E FISICA$1IT-CE0120$2VAN08 912 $fN 912 $aVAN00265668 950 $aBIBLIOTECA DEL DIPARTIMENTO DI MATEMATICA E FISICA$d08DLOAD e-book 7014 $e08eMF7014 20231031 996 $aAlgebraic curves and projective geometry$9262390 997 $aUNICAMPANIA